|
|
|
|
| LEADER |
00000cam a2200000 a 4500 |
| 001 |
vtls001086993 |
| 003 |
SK-MaSNL |
| 005 |
20260302030847.0 |
| 008 |
240513s1985 xo frnp 00000 slo |
| 015 |
|
|
|a SNBA1985/06
|
| 020 |
|
|
|q (brožované)
|
| 035 |
|
|
|a SNK000029833
|
| 040 |
|
|
|a SNK
|b slo
|c SNK
|e AACR2
|
| 041 |
0 |
|
|a slo
|a rus
|
| 044 |
|
|
|a xo
|c SK
|
| 080 |
|
|
|a 82.0(075.8)=82
|2 1981
|
| 100 |
1 |
|
|a Slimák, Ivan,
|d 1930-1996
|4 aut
|9 206472
|
| 245 |
1 |
0 |
|a Teória literatúry
|b vybrané texty k prednáškam a seminárom
|c Ivan Slimák
|
| 250 |
|
|
|a 1. vyd.
|
| 260 |
|
|
|a Bratislava
|b Univerzita Komenského
|c 1985
|
| 300 |
|
|
|a 157 strán
|c 30 cm
|
| 366 |
|
|
|e 300 kusov
|
| 490 |
1 |
|
|a Vysokoškolské skriptá
|
| 504 |
|
|
|a Obsahuje bibliografiu
|
| 546 |
|
|
|a Čiastočný text v ruštine
|
| 650 |
0 |
7 |
|a literatúra
|2 SNKPH
|9 1427
|
| 650 |
0 |
7 |
|a teória literatúry
|2 SNKPH
|9 1238
|
| 655 |
|
7 |
|a učebnice vysokých škôl
|2 SNKPH
|9 70191
|
| 830 |
|
0 |
|a Vysokoškolské skriptá
|9 276440
|
| 852 |
|
|
|a Slovenská národná knižnica
|
| 954 |
|
|
|a odborná, vedecká literatúra pôvodná (slovenská)
|2 lita
|
| 958 |
|
|
|a RK
|
| 958 |
|
|
|a TL
|
| 958 |
|
|
|a LX
|
| 958 |
|
|
|a NB
|
| 958 |
|
|
|a OND
|
| 958 |
|
|
|a UV
|
| 999 |
|
|
|c 1049521
|d 1051451
|
| 952 |
|
|
|a SNK
|b SNK
|y PREZ
|7 0
|p 17A0805358
|o snkSB 39788
|0 0
|1 0
|4 0
|d 2012-04-22
|f 1
|l 0
|r 2025-04-24 00:00:00
|w 2026-02-24
|
| 952 |
|
|
|t P60, <04>, [BOOK], {604}
|a SNK
|b SNK
|y VYP
|7 0
|p 17A0015884
|o snkSB 39788 D1
|0 0
|1 0
|4 0
|d 1996-10-28
|l 0
|r 2004-12-31 00:00:00
|w 2026-02-24
|